| 000 | 00383nam a22001577a 4500 | ||
|---|---|---|---|
| 020 | _a81-8204-028-0 | ||
| 082 |
_a641.2 _bBAG |
||
| 100 | _aBAGCHI, S.N AND SHARMA | ||
| 245 | _aTEXT BOOK OF FOOD & BEVERAGE SERVICE | ||
| 250 | _a3RD | ||
| 260 |
_aDELHI _bAMAN PUBLISHER _c2006 |
||
| 300 | _a531 | ||
| 650 | _aFOOD AND BEVERAGE SERVICE | ||
| 653 | _aFOOD, BEVERAGE | ||
| 942 |
_2ddc _cBK |
||
| 999 |
_c8019 _d8019 |
||